000 02925cam a2200409 i 4500
003 SA-RiAUC
005 20250710160846.0
008 250710s2000 su ak g bd f001r0 ara c
020 _a9960624560
040 _aSA-MaMIU
_bara
_cSA-RiAUC
_erda
041 1 _aara
_heng
082 0 4 _a025.5
_qSA-RiAUC
090 _a025.5
_bب ي ك
100 1 _aبيكر، شارون ل.
_eمؤلف.
240 1 4 _aThe measurement and evaluation of library services.
_lArabic
245 1 0 _aخدمات المكتبات والمعلومات :
_bقياسها وتقييمها /
_cشارون ل. بيكر، ويلفرد لانكستر ؛ ترجمة د. حسني عبد الرحمن الشيمي، د. جمال الدين محمد الفرماوي.
264 1 _aالرياض :
_bمكتبة الملك عبد العزيز العامة،
_c2000
300 _a699 صفحة :
_bأشكال، جداول، رسوم ؛
_c24 سم.
336 _aنص
_btxt
_2rdacontent
_3كتاب
337 _aبدون وسيط
_bn
_2rdamedia
338 _aمجلد
_bnc
_2rdacarrier
490 1 _aالأعمال المحكمة،
_x1319-0938 ؛
_vرقم (27)
500 _aيشتمل على قائمة مصطلحات.
500 _aيشتمل على كشاف.
504 _aيشتمل على إرجاعات ببليوجرافية.
505 0 _aالمحتويات : تقييم خدمات المكتبة: مدخل، تأثير الإتاحة والتيسير على الإفادة من المكتبة، تقييم المجموعات : مآتي التركيز على المواد، تقييم المجموعات: يأتي محور الإفادة، تقييم الاستخدام داخل المكتبة، تقييم متاحية المواد، تقييم استخدام الفهرس، تقييم الخدمات المرجعية : الإجابة على الأسئلة والاستفسارات، تقييم الخدمات المرجعية : البحث في عادعة المعلومات، صلاحية المواصفات المعيارية لتقييم خدمات المكتبات، خدمات المكتبات : نطاقها ومجالها، دراسات المستفيدين في المكتبات، خاتمة.
650 7 _aالخدمة المكتبية
_xتقييم
_2aucsh
650 7 _aخدمات المعلومات
_xتقييم
_2aucsh
700 1 _aالشيمي، حسني عبد الرحمن
_eمترجم.
700 1 _aالفرماوي، جمال الدين محمد،
_d1939-2020
_eمترجم.
700 1 _aلانكستر، ف. و.
_q(فريدريك ولفرد)،
_d1933-2013
_eمؤلف.
700 1 2 _iترجمة لـ :
_aبيكر، شارون ل.
_tThe measurement and evaluation of library services
830 0 _aسلسلة الأعمال المحكمة (مكتبة الملك عبد العزيز العامة)
_vرقم (27)
856 4 _uhttps://www.aruc.org/ar/digital-content/27319
942 _2ddc
_cBOOK
_n0
949 _aSA-JeALM
_d250710
_uosman123
_n1
999 _c9767
_d9767